| 000 | 00995nam a22002297a 4500 | ||
|---|---|---|---|
| 999 |
_c15543 _d15543 |
||
| 003 | AR-CdUCM | ||
| 008 | 190429b ||||| |||| 00| 0 spa d | ||
| 040 |
_aMUNICIPALIDAD PROVINCIAL DEL CUSCO _cBIBLIOTECA MUNICIPAL DEL CUSCO |
||
| 082 |
_aC / 050 / _bV87 |
||
| 110 |
_aÓrgano de la sociedad mutua de empleados del Cuzco _934646 |
||
| 245 |
_aLa voz del empleado : _bÓrgano de la sociedad mutua de empleados del Cuzco / |
||
| 260 |
_aCuzco : _bH.G. Rosas, _c1961. |
||
| 300 |
_a84 páginas ; _c24 cm. _bIlustraciones, Fotografías, |
||
| 440 |
_aAño II _nN° 2 _934647 |
||
| 505 | _aContenido : Luis Hector Salas T. Comentario a la falta de solución de problemas de interés nacional -- Ruben Sueldo Guevara. Paraíso terrenal -- Colonia vacacional de la sociedad mutua de empleados ... | ||
| 650 |
_aSociedad _953 |
||
| 650 |
_a Cusqueña _928622 |
||
| 650 |
_aSiglo XX _98 |
||
| 700 |
_aDiaz Fernández, Justino (Director) _934648 |
||
| 942 |
_2ddc _cLIBROS |
||
| 945 |
_arah _d29/04/2019 |
||